[Event "Ruhrgebiet Verbandsklasse Gruppe 3 1415"]
[Site "Germany"]
[Date "2015.04.26"]
[Round "9.8"]
[White "Distelrath, Oliver"]
[Black "Bollwerk, Marcus"]
[Result "1/2-1/2"]
[WhiteElo "1856"]
[BlackElo "2055"]
[PlyCount "62"]
[EventDate "2014.09.21"]
[EventType "team-tourn"]
[EventRounds "9"]
[EventCountry "GER"]
[SourceTitle "EXT 2022"]
[Source "ChessBase"]
[SourceDate "2021.10.06"]
[SourceVersion "1"]
[SourceVersionDate "2021.10.06"]
[SourceQuality "1"]
[WhiteTeam "Wanne-Eickel SV Unser Fritz"]
[BlackTeam "Eichlinghofen SV"]
[WhiteTeamCountry "GER"]
[BlackTeamCountry "GER"]

1. e4 g6 2. f4 Bg7 3. Nf3 d6 4. Nc3 a6 5. Bc4 e6 6. 0-0 b5 7. Bb3 c5 8. d3 Nc6 9. Qe1 Nge7 10. Kh1 Na5 11. Bd2 Nxb3 12. axb3 Bb7 13. Qh4 Nc6 14. Qg3 Nd4 15. Nxd4 cxd4 16. Ne2 f5 17. exf5 exf5 18. Qf2 Qf6 19. c3 dxc3 20. Bxc3 Qf7 21. Qe3+ Kd7 22. Bxg7 Qxg7 23. Rac1 Rab8 24. Nd4 Rhe8 25. Qf2 Qf7 26. Rc2 Qd5 27. Kg1 Rbc8 28. Rd2 Kc7 29. b4 Kb8 30. Nc2 Re7 31. Qd4 Qxd4+ 1/2-1/2